|
|
|
|
| LEADER |
01676nam a2200409 i 4500 |
| 001 |
EBC7104493 |
| 003 |
MiAaPQ |
| 005 |
20200520144314.0 |
| 006 |
m o d | |
| 007 |
cr cnu|||||||| |
| 008 |
170818t20182018njuao ob 001 0 eng d |
| 020 |
|
|
|a 9781119237105
|q (electronic bk.)
|
| 020 |
|
|
|z 9781119237037
|
| 035 |
|
|
|a (MiAaPQ)EBC7104493
|
| 035 |
|
|
|a (Au-PeEL)EBL7104493
|
| 035 |
|
|
|a (OCoLC)1347026582
|
| 040 |
|
|
|a MiAaPQ
|b eng
|e rda
|e pn
|c MiAaPQ
|d MiAaPQ
|
| 050 |
|
4 |
|a AM5
|b .M555 2018
|
| 082 |
0 |
|
|a 069
|2 23
|
| 100 |
1 |
|
|a Miller, Steven,
|d 1947-
|e author.
|
| 245 |
1 |
4 |
|a The anatomy of a museum :
|b an insider's guide /
|c Steven Miller.
|
| 264 |
|
1 |
|a Hoboken, New Jersey :
|b Wiley Blackwell,
|c 2018.
|
| 264 |
|
4 |
|c 2018
|
| 300 |
|
|
|a 1 online resource (278 paoges) :
|b color illustrations, photographs
|
| 336 |
|
|
|a text
|2 rdacontent
|
| 337 |
|
|
|a computer
|2 rdamedia
|
| 338 |
|
|
|a online resource
|2 rdacarrier
|
| 504 |
|
|
|a Includes bibliographical references at the end of each chapters and index.
|
| 588 |
|
|
|a Description based on print version record.
|
| 590 |
|
|
|a Electronic reproduction. Ann Arbor, MI : ProQuest, 2018. Available via World Wide Web. Access may be limited to ProQuest affiliated libraries.
|
| 650 |
|
0 |
|a Museums
|x Management.
|
| 650 |
|
0 |
|a Museums
|x Philosophy.
|
| 650 |
|
0 |
|a Museums.
|
| 655 |
|
4 |
|a Electronic books.
|
| 776 |
0 |
8 |
|i Print version:
|a Miller, Steven, 1947-
|t Anatomy of a museum : an insider's guide.
|d Hoboken, New Jersey : Wiley Blackwell, c2018
|h ix, 277 pages
|z 9781119237037
|w 2017015266
|
| 797 |
2 |
|
|a ProQuest (Firm)
|
| 856 |
4 |
0 |
|u https://ebookcentral.proquest.com/lib/matrademy/detail.action?docID=7104493
|z Click to View
|